| 000 | 01521nam a22002657a 4500 | ||
|---|---|---|---|
| 003 | OSt | ||
| 005 | 20201016131820.0 | ||
| 008 | 201016s2004 ck ||||gr|||| 00| 0 spa d | ||
| 040 |
_aCO-JMCR _cCO-JMCR |
||
| 041 | 0 | _aspa | |
| 082 | 0 | 4 |
_a347.09009861 / _bM665c _223 |
| 110 | 2 |
_aColombia. MInisterio del Interior y de Justicia _93541 |
|
| 245 | 1 | 0 |
_aConciliación y arbitraje : _bnormatividad, jurisprudencia y conceptos / _cMinisterio del Interior y de Justicia |
| 250 | _aPrimera edición | ||
| 260 |
_aBogotá : _bUniversidad Nacional de Colombia, _c2004. |
||
| 300 |
_a448 páginas ; _c24 cm. |
||
| 505 | 0 | _aConciliación -- Normatividad vigente en conciliación sistematizada por leyes -- Normatividad vigente en conciliación sistematizada por materias | |
| 520 | 0 | _aLa línea institucional en conciliación y arbitraje es la base conceptual y jurídica del Ministerio del Interior y de Justicia como suprema autoridad administrativa del ramo: de esta manera, el Ministerio busca que la presente obra sea un documento de estudio y consulta para los usuarios de la conciliación y el arbitraje, como dos de los métodos alternativos de mayor trayectoria, fortaleza y proyección en Colombia. | |
| 650 | 2 | 4 |
_aConciliación y arbitraje _911644 |
| 650 | 2 | 4 |
_aEstudio _xConciliación y arbitraje _911645 |
| 650 | 2 | 4 |
_aConsulta _xConciliación y arbitraje _911646 |
| 650 | 2 | 4 |
_aNormatividad _xConciliación y arbitraje _911647 |
| 650 | 2 | 4 |
_aJurisprudencia _xConciliación y arbitraje _911648 |
| 942 |
_2ddc _cBK |
||
| 999 |
_c6933 _d6933 |
||